LEADER 01193nam a22003011i 4500 001 991004091149707536 005 20030227191823.0 008 020614s1990 it |||||||||||||||||ita 020 $a8842036277 035 $ab11910495-39ule_inst 035 $aARCHE-000032$9ExL 040 $aDip.to Filologia Ling. e Lett.$bita$cA.t.i. Arché s.c.r.l. Pandora Sicilia s.r.l. 082 04$a305.9 100 1 $aAgo, Renata$0133419 245 10$aCarriere e clientele nella Roma barocca /$cRenata Ago 260 $aBari :$bLaterza,$c1990 300 $a190 p. ;$c21 cm 490 0 $aQuadrante 650 4$aClassi sociali$xStoria$zRoma$ySec. 17. 650 4$aRoma$xCorte$ySec. 17. 650 4$aRoma$xCorte$xStoria Ecclesiastica$ySec. 17. 907 $a.b11910495$b29-07-21$c01-04-03 912 $a991004091149707536 945 $aLE008 FL.M. VIII B 29$g1$i2008000319472$lle008$o-$pE0.00$q-$rl$s- $t0$u1$v0$w1$x0$y.i12178421$z01-04-03 945 $aLE023 Fondo Brambilla 344$g1$i2023000203682$lle023$o-$pE12.91$q-$rn$so $t0$u0$v0$w0$x0$y.i1596811x$z29-07-21 996 $aCarriere e clientele nella Roma barocca$9500332 997 $aUNISALENTO 998 $ale008$b01-04-03$cm$da $e-$fita$git $h0$i1 LEADER 01845nam 2200517 450 001 9910151751203321 005 20230808200333.0 010 $a1-61212-702-9 035 $a(CKB)3710000000952094 035 $a(MiAaPQ)EBC4742944 035 $a(DLC) 2016017164 035 $a(EXLCZ)993710000000952094 100 $a20161125h20162016 uy 0 101 0 $aeng 135 $aurcnu|||||||| 181 $2rdacontent 182 $2rdamedia 183 $2rdacarrier 200 10$a100 plants to feed the bees $eprovide a healthy habitat to help pollinators thrive /$fby the Xerces Society 210 1$aNorth Adams, Massachusetts :$cStorey Publishing,$d2016. 210 4$d©2016 215 $a1 online resource (241 pages) $cillustrations (some color) 300 $aIncludes index. 311 $a1-61212-886-6 311 $a1-61212-701-0 327 $aPreface: What's old is new -- Plants and pollinators : an overview -- Pollinators and pesticides -- Native wildflowers -- Native trees and shrubs -- Introduced trees and shrubs -- Introduced herbs and ornamentals -- Native and nonnative bee pasture plants -- Average number of flower and herb seeds per pound. 517 3 $aOne hundred plants to feed the bees 606 $aPollination 606 $aPollinators$xConservation 606 $aBees$xConservation 615 0$aPollination. 615 0$aPollinators$xConservation. 615 0$aBees$xConservation. 676 $a571.8/642 700 $aLee-Ma?der$b Eric$f1972-$01245415 702 $aFowler$b Jarrod 702 $aVento$b Jillian 702 $aHopwood$b Jennifer$g(Jennifer L.), 712 02$aXerces Society, 801 0$bMiAaPQ 801 1$bMiAaPQ 801 2$bMiAaPQ 906 $aBOOK 912 $a9910151751203321 996 $a100 plants to feed the bees$92888405 997 $aUNINA